Paesi Sequenziali Casuali sulla Mappa del Mondo - Versione Difficile - Statistics

Statistiche generali
  • Questo quiz è stato fatto 1.350 volte
  • Il punteggio medio è 82 su 196
Risposte nella Mappa
Le risposte nella mappa del quiz sottostante sono codificate secondo una scala di colori dal rosso al verde in base alla % di persone che hanno risposto correttamente.
 
Statistiche sulle risposte
Paese % Corretto
Mongolia
46%
Regno Unito
46%
Russia
46%
Argentina
45%
Birmania
45%
Cile
45%
Cina
45%
Danimarca
45%
Finlandia
45%
India
45%
Libia
45%
Messico
45%
Norvegia
45%
Spagna
45%
Sudafrica
45%
Turchia
45%
Australia
44%
Brasile
44%
Canada
44%
Colombia
44%
Egitto
44%
Germania
44%
Giappone
44%
Indonesia
44%
Madagascar
44%
Marocco
44%
Perù
44%
Polonia
44%
Portogallo
44%
Somalia
44%
Stati Uniti
44%
Vietnam
44%
Algeria
43%
Arabia Saudita
43%
Austria
43%
Bielorussia
43%
Bolivia
43%
Bosnia ed Erzegovina
43%
Corea del Nord
43%
Corea del Sud
43%
Croazia
43%
Cuba
43%
Estonia
43%
Etiopia
43%
Francia
43%
Giordania
43%
Guyana
43%
Irlanda
43%
Islanda
43%
Italia
43%
Kazakistan
43%
Kiribati
43%
Laos
43%
Lesotho
43%
Lettonia
43%
Lituania
43%
Malta
43%
Namibia
43%
Nuova Zelanda
43%
Pakistan
43%
Papua Nuova Guinea
43%
Paraguay
43%
Repubblica Democratica del Congo
43%
Sudan
43%
Svezia
43%
Swaziland
43%
Taiwan
43%
Thailandia
43%
Ucraina
43%
Uruguay
43%
Venezuela
43%
Albania
42%
Bahamas
42%
Bangladesh
42%
Belgio
42%
Cipro
42%
Ecuador
42%
Filippine
42%
Grecia
42%
Iran
42%
Isole Marshall
42%
Isole Salomone
42%
Israele
42%
Libano
42%
Lussemburgo
42%
Macedonia del Nord
42%
Malesia
42%
Mali
42%
Montenegro
42%
Mozambico
42%
Nepal
42%
Nicaragua
42%
Niger
42%
Oman
42%
Paesi Bassi
42%
Panama
42%
Sao Tome e Principe
42%
Senegal
42%
Slovacchia
42%
Sri Lanka
42%
Stati Federati di Micronesia
42%
Svizzera
42%
Togo
42%
Tunisia
42%
Ungheria
42%
Yemen
42%
Afghanistan
41%
Andorra
41%
Angola
41%
Armenia
41%
Benin
41%
Bhutan
41%
Cambogia
41%
Capo Verde
41%
Ciad
41%
Città del Vaticano
41%
Comoros
41%
Costa d'Avorio
41%
Emirati Arabi Uniti
41%
Eritrea
41%
Figi
41%
Georgia
41%
Guatemala
41%
Haiti
41%
Iraq
41%
Kosovo
41%
Liechtenstein
41%
Malawi
41%
Mauritania
41%
Mauritius
41%
Moldavia
41%
Monaco
41%
Palau
41%
Repubblica Ceca
41%
Romania
41%
San Marino
41%
Serbia
41%
Tagikistan
41%
Timor Est
41%
Uzbekistan
41%
Zambia
41%
Bahrain
40%
Belize
40%
Botswana
40%
Brunei
40%
Bulgaria
40%
Burundi
40%
Costa Rica
40%
El Salvador
40%
Gabon
40%
Gambia
40%
Ghana
40%
Giamaica
40%
Gibuti
40%
Guinea Equatoriale
40%
Kirghizistan
40%
Kuwait
40%
Liberia
40%
Maldive
40%
Nauru
40%
Nigeria
40%
Qatar
40%
Repubblica Centrafricana
40%
Repubblica Dominicana
40%
Ruanda
40%
Samoa
40%
Santa Lucia
40%
Seychelles
40%
Singapore
40%
Siria
40%
Slovenia
40%
Suriname
40%
Tanzania
40%
Tonga
40%
Trinidad e Tobago
40%
Turkmenistan
40%
Tuvalu
40%
Uganda
40%
Vanuatu
40%
Zimbabwe
40%
Antigua e Barbuda
39%
Camerun
39%
Honduras
39%
Kenya
39%
Sud Sudan
39%
Azerbaijan
38%
Barbados
38%
Burkina Faso
38%
Grenada
38%
Guinea
38%
Guinea-Bissau
38%
Repubblica del Congo
38%
Saint Kitts e Nevis
38%
Saint Vincent e Grenadine
38%
Sierra Leone
38%
Dominica
37%
Nessun quiz corrispondente trovato
Distribuzione punteggi
Percentuale di utenti per punteggio
Percentile per numero di risposta
I tuoi punteggi nel tempo
Non hai fatto questo quiz